|
|
|
|
| LEADER |
01320nam a2200289 a 4500 |
| 001 |
15837361 |
| 008 |
120520s2009 miuab b 000 0 eng d |
| 010 |
|
|
|a 2009280265
|
| 020 |
|
|
|a 0472033352 (pbk.)
|
| 020 |
|
|
|a 9780472033355 (pbk.)
|
| 040 |
|
|
|a BTCTA
|c BTCTA
|d YDXCP
|d BWX
|d BUF
|d DLC
|d BD-DhAAL
|
| 082 |
0 |
0 |
|a 025.3
|2 22
|
| 100 |
1 |
|
|a Swales, John M.,
|d 1938-
|
| 245 |
1 |
0 |
|a Abstracts and the writing of abstracts /
|c John M. Swales, Christine B. Feak.
|
| 260 |
|
|
|a [Ann Arbor] :
|b University of Michigan Press,
|c c2009.
|
| 300 |
|
|
|a xv, 88 p. :
|b ill., map ;
|c 23 cm.
|
| 490 |
1 |
|
|a The Michigan series in English for academic & professional purposes.
|
| 504 |
|
|
|a Includes bibliographical references (p. 85-87).
|
| 500 |
|
|
|a "Volume 1 of the revised and expanded edition of English in today's research world."
|
| 541 |
1 |
|
|e 00025168
|
| 650 |
|
0 |
|a Abstracting.
|
| 700 |
1 |
|
|a Feak, Christine B.
|
| 700 |
1 |
|
|a Swales, John M.,
|d 1938-
|t English in today's research world.
|
| 830 |
|
0 |
|a Michigan series in English for academic & professional purposes.
|
| 852 |
1 |
|
|a Ayesha Abed Library
|j General shelf
|
| 999 |
|
|
|c 12182
|d 12182
|
| 952 |
|
|
|0 0
|1 0
|4 0
|6 025_300000000000000_SWA
|7 0
|9 20215
|a BRACUL
|b BRACUL
|c GEN
|d 2012-05-20
|e The University of Michigan Press
|g 13.00
|l 7
|m 65
|o 025.3 SWA
|p 3010025168
|r 2024-08-27
|s 2024-03-20
|t 1
|w 2012-05-20
|y BK
|